• 首页
  • 本馆介绍
  • 公告通知
  • 最新文献
  • 馆藏检索
  • 电子资源
  • 读者导购
  • 参考咨询
  • 我的图书馆
  • 登录
  • 详细信息显示
  • 放入我的书架
  • 预约/预借图书
  • 作者相关作品
  • 分类相关作品
  • 丛书相关作品
  • 出版社相关作品

书目信息

  • 表格格式
  • 工作单格式
  • 卡片格式
题名:
300种美鱼彩图馆
    
 
作者: 王嘉 编著
分册:  
出版信息: 北京   中国华侨出版社  2016
页数: 425页
开本: 25cm
丛书名:
单 册:
中图分类: Q959.4
科图分类:
主题词: 鱼类--yu lei--普及读物
电子资源:
ISBN: 978-7-5113-5886-8
000 00849nam0 22002411 450
001 0122100704
005 20170322105140.07
010    @a978-7-5113-5886-8@dCNY39.80
100    @a20160530d2016 em y0chiy50 ea
101 0  @achi
102    @aCN@b110000
105    @aa z 000yy
106    @ar
200 1  @a300种美鱼彩图馆@9300zhong mei yu cai tu guan@f王嘉编著
210    @a北京@c中国华侨出版社@d2016
215    @a425页@c彩图@d25cm
300    @a中侨彩图馆/刘凤珍主编
330    @a本书分鱼的分类常识、缤纷的观赏鱼、适合垂钓的鱼类、鱼类趣谈等几部分,将系统阐述与分类展示相结合,重点介绍了全世界近300种常见鱼的相关生物特征、地理分布、生理习性、保护状况及养殖方法、垂钓须知等。
606 0  @a鱼类@9yu lei@j普及读物
690    @aQ959.4@v5
701  0 @a王嘉@9wang jia@4编著
801  0 @aCN@bTANGWEI@c20170308
905    @b0958906-9@dQ959.4@e160@f4
    
    300种美鱼彩图馆/王嘉编著.-北京:中国华侨出版社,2016
    425页:彩图;25cm
    中侨彩图馆/刘凤珍主编
    
    ISBN 978-7-5113-5886-8:CNY39.80
    本书分鱼的分类常识、缤纷的观赏鱼、适合垂钓的鱼类、鱼类趣谈等几部分,将系统阐述与分类展示相结合,重点介绍了全世界近300种常见鱼的相关生物特征、地理分布、生理习性、保护状况及养殖方法、垂钓须知等。
●
相关链接 在E读中查询图书 在五车中查询图书 在当当中查询图书 在豆瓣中查询图书


正题名:300种美鱼彩图馆     索取号:Q959.4/160         预约/预借

序号 登录号 条形码 馆藏地/架位号 状态 备注
1 0958906   209589060   第二样本阅览室/ [索取号:Q959.4/160] 在馆    
2 0958907   209589079   第三借阅区/ [索取号:Q959.4/160] 在馆    
3 0958908   209589088   第三借阅区/ [索取号:Q959.4/160] 在馆    
4 0958909   209589097   第三借阅区/ [索取号:Q959.4/160] 在馆    
唐山师范学院图书馆 欢迎您!
大连网信软件有限公司© 版权所有